Language Quiz

Random Language Quiz
Score 0/23 Timer 10:00
0 Plays Today
Hint Answer % Correct
What you might get from a week at the beachTan
99.2%
A Bible Original, by Adam and EveSin
97.3%
What performers do at the operaSing
91%
The price you would pay for an itemCost
87.5%
If you're not going to sit, I guess you're gonna do this insteadStand
80.9%
What that trigonometric 'tan' actually stands forTangent
76.2%
What you're doing when you're not winningLosing
73.4%
A non-bowl fish aquarium, or a PanzerTank
69.9%
Someone who attempts to kill another, usually well-known, personAssassin
55.1%
This used to be ConstantinopleIstanbul
50.4%
The study of plants, algae, and fungiBotany
45.7%
Difficult-to-spell country whose capital is Bishkek - a Sporcle favorite!Kyrgyzstan
38.7%
Hint Answer % Correct
Very, very small unit of time, abbreviated 'ps'Picosecond
37.5%
Term for enlarged, ugly veins, often found on the legsVaricose
36.3%
A biological term consisting of all organisms and their physical environment in a given areaEcosystem
35.5%
Word for being extremely foolish, derived from a slang term for a donkeyAsinine
25%
Honest; frank; truthfulSincere
23.8%
A sticky plant secretion, often used in varnishes and adhesivesResin
23%
Doing something right away; immediatelyInstantly
19.9%
Storied American Cowboy named Bill, featured in Disney's 'Melody Time' finalePecos
15.6%
A member of groups of militant slavic families, deeply involved with Russian affairs through the 16th-19th centuriesCossack
13.7%
Implied in a sly mannerInsinuated
11.7%
Scientific term for bodily membranes involved with absorption and secretionMucosa
4.7%
Remove Ads.
Support Sporcle.
Get the best of Sporcle when you Go Orange. This ad-free experience offers more features, more stats, and more fun while also helping to support Sporcle. Thank you for becoming a member.

You're not logged in!

Compare scores with friends on all Sporcle quizzes.
OR
Log In

Show Comments

Extras

Created Nov 30, 2010ReportNominate
Tags:cos, Either, English, major, tan, Term, Trigonometry

Top Quizzes Today


Score Distribution

Your Account Isn't Verified!

In order to create a playlist on Sporcle, you need to verify the email address you used during registration. Go to your Sporcle Settings to finish the process.

Report this User

Report this user for behavior that violates our Community Guidelines.

Details: